Los primeros de la clase y los últimos románticos : una etnografía para la crítica de la visión instrumental de la enseñanza /

Guardat en:
Dades bibliogràfiques
Autor principal: Díaz de Rada, Angel (autor)
Format: Llibre
Idioma:espanyol
Publicat: Madrid, España : Siglo XXI, 1996, c1996
Col·lecció:(Antropología y Etnología)
Matèries:
Etiquetes: Afegir etiqueta
Sense etiquetes, Sigues el primer a etiquetar aquest registre!

MARC

LEADER 00000nam^a2200000^a^4500
001 000062605
005 20250521000000.0
009 20260310090955.401
020 |a 84-323-0925-7 
037 |a Acervo ITESO - Biblioteca 
041 |a ESP 
082 |a 370. 785  |b DIA 
100 |a Díaz de Rada, Angel  |e (autor) 
245 1 4 |a Los primeros de la clase y los últimos románticos :  |b una etnografía para la crítica de la visión instrumental de la enseñanza /  |c A. Díaz Rada. 
264 4 |a Madrid, España :  |b Siglo XXI,  |c 1996, c1996 
300 |a 402 p. 
336 |a texto  |b txt  |2 rdacontenido 
337 |a sin mediación  |b n  |2 rdamedio 
338 |a volumen  |b nc  |2 rdasoporte 
440 1 |a (Antropología y Etnología) 
649 |a XX 
650 |a Etnografía 
650 |a Investigación Educativa -  |x Tema Principal 
650 |a Metodología Cualitativa -  |x Tema Principal 
650 |a Práctica Educativa -  |x Tema Principal 
650 |a Proceso Educativo 
650 |a Educación 
910 |a Fondo General 
920 |a Impresos - Libros 
930 |a Colección General 
905 |a 101 
901 |a 0500015311  |b IT1  |c ACC  |u 20250521 
902 |a https://opac.biblio.iteso.mx/vufind/Record/000062605